Tocan a éxodo : un análisis de la realidad mexicana de 1987-1988 y sus perspectivas para el futuro /

Gardado en:
Detalles Bibliográficos
Autor Corporativo: Centro Tata Vasco
Formato: Libro
Idioma:Lingua castelá
Temas:
Etiquetas: Engadir etiqueta
Sen Etiquetas, Sexa o primeiro en etiquetar este rexistro!

MARC

LEADER 00000nam^a2200000^a^4500
001 000027999
005 20250521000000.0
009 20260310084831.029
025 |a Donación sin dato, 1 ejemplar 
037 |a Acervo ITESO - Biblioteca 
041 |a ESP 
082 |a 320. 97206  |b ANA 1988 
110 |a Centro Tata Vasco 
240 1 1 |a [Análisis de la realidad nacional] 
245 1 0 |a Tocan a éxodo :  |b un análisis de la realidad mexicana de 1987-1988 y sus perspectivas para el futuro /  |c Centro Tata Vasco. 
264 |a México :  |b Centro Tata Vasco,  |c 1988 
300 |a 45 p. 
336 |a texto  |b txt  |2 rdacontenido 
337 |a sin mediación  |b n  |2 rdamedio 
338 |a volumen  |b nc  |2 rdasoporte 
649 |a XX 
650 |a Jesuitas en México -  |x Publicaciones Periódicas 
650 |a Análisis de Coyuntura -  |z México -  |x Historia -  |y 1980-1989 
650 |a Análisis Económico -  |z México -  |x Historia -  |y 1980-1989 
650 |a Iglesia Católica en México 
650 |a Iglesia y Problemas Sociales 
650 |a Política -  |z México -  |x Historia -  |y 1982-1988 
650 |a Política -  |z México -  |x Historia -  |y 1980-1989 
650 |a Política -  |z México -  |x Historia -  |y Siglo XX 
650 |a México -  |x Condiciones Políticas 
650 |a Publicaciones Periódicas Mexicanas 
910 |a Fondo General 
920 |a Impresos - Libros 
930 |a Colección General 
905 |a 101 
901 |a 0500140664  |b IT1  |c ACC  |i D  |u 20250521 
902 |a https://opac.biblio.iteso.mx/vufind/Record/000027999